00301cam a22000977a 4500008004000000082001400040245006900054260005300123300001100176700001600187180718b1986 xxu||||| |||| 00| 0 eng d aA75 Ut8JA aUttar Pradesh district gazetteers: Jaunpurcedited by N.L. Gupta aLucknowbDepartment of District Gazetteersc1986 a304+p. aGupta, N.L.